Вспомогательные указатели за 1982 год; Каталог кандидатских и докторских диссертаций, поступивших в Библиотеку имени В. И. Ленина и Государственную центральную научную медицинскую библиотеку

Bibliographic Details
Parent link:Каталог кандидатских и докторских диссертаций, поступивших в Библиотеку имени В. И. Ленина и Государственную центральную научную медицинскую библиотеку/ Государственная ордена Ленина Библиотека СССР им. В. И. Ленина. Вспомогательные указатели за 1982 год.— , 1958 -.
Language:Russian
Published: 1984
Subjects:
Format: Book
KOHA link:https://koha.lib.tpu.ru/cgi-bin/koha/opac-detail.pl?biblionumber=98201

MARC

LEADER 00000nam2a2200000 4500
001 98201
005 20231031111243.0
035 |a (RuTPU)RU\TPU\book\105245 
035 |a RU\TPU\book\105224 
090 |a 98201 
100 |a 20060614d1984 k y0rusy50 ca 
101 0 |a rus 
102 |a RU 
105 |a y a 001zy 
200 0 |a Вспомогательные указатели за 1982 год 
210 |d 1984 
215 |a 284 с. 
461 1 |0 (RuTPU)RU\TPU\book\104852  |t Каталог кандидатских и докторских диссертаций, поступивших в Библиотеку имени В. И. Ленина и Государственную центральную научную медицинскую библиотеку  |f Государственная ордена Ленина Библиотека СССР им. В. И. Ленина  |v Вспомогательные указатели за 1982 год  |d 1958 -. 
610 1 |a кандидатские диссертации 
610 1 |a докторские диссертации 
610 1 |a каталоги 
610 1 |a библиографические указатели 
686 |a Я18  |v LBC/SL-A  |2 rubbk 
801 1 |a RU  |b 63413507  |c 20060605  |g PSBO 
801 2 |a RU  |b 63413507  |c 20210329  |g PSBO 
942 |c BK